005500000a22001210004500008004100000082001500041245008500056260003700141300004100178500015300219650003200372700002400404230817t ||||| |||| 00| 0 eng d a305.4bROL aRole of rural women in development : breport of an international study seminar  aBombay:bAllied Pubishers,c1978 aviii, 125 p. : 23 cmbIndex included areport of an international study seminar held at the Institute of Development Studies, University of Sussex, U.K., 5th January to 10th February 1977 a Women in rural development aMazumdar, Vinaeed.